Jüngste deutsche Torschützen in der Champions League - Statistiken

Allgemein
  • Dieses Quiz wurde 53 mal gespielt
    16 seit der letzten Aktualisierung
  • Das Durchschnittsergebnis liegt bei 21 aus 41
Antwortstatistiken
Alter Jahr Verein Antwort % Korrekt
17J 2021 Bayern Jamal Musiala
100%
21J 2021 Chelsea Kai Havertz
100%
17J 2025 Bayern Lennart Karl
100%
20J 2012 Dortmund Mario Götze
100%
22J 2010 Real Madrid Mesut Özil
100%
20J 2005 Bayern Bastian Schweinsteiger
89%
20J 2016 Leverkusen Julian Brandt
89%
19J 2012 Schalke Julian Draxler
89%
19J 2009 Bayern Thomas Müller
89%
21J 2017 Leipzig Timo Werner
89%
18J 2020 Salzburg Karim Adeyemi
78%
19J 1995 Dortmund Lars Ricken
78%
22J 2007 Stuttgart Mario Gomez
78%
21J 2011 Bayern Toni Kroos
78%
21J 2024 Leverkusen Florian Wirtz
67%
21J 2016 Bayern Joshua Kimmich
67%
21J 2006 Bayern Lukas Podolski
67%
19J 2014 Schalke Max Meyer
67%
20J 2011 Leverkusen Andre Schürrle
56%
21J 2016 Dortmund Julian Weigl
56%
19J 2015 Schalke Leroy Sané
56%
21J 2016 Wolfsburg Maxi Arnold
56%
21J 2025 Brügge Nicolo Tresoldi
56%
22J 2011 Leverkusen Lars Bender
44%
22J 2006 Bremen Per Mertesacker
44%
18J 2016 Dortmund Felix Passlack
33%
21J 2012 Leverkusen Karim Bellarabi
33%
21J 1995 Bayern Alexander Zickler
22%
21J 2003 Stuttgart Andreas Hinkel
22%
21J 2003 Stuttgart Kevin Kuranyi
22%
21J 2010 Bremen Marko Marin
22%
22J 1994 Bayern Markus Babbel
22%
21J 2007 Bremen Aaron Hunt
11%
22J 2025 Dortmund Maxi Beier
11%
21J 1994 Bayern Christian Nerlinger
0%
22J 2009 Stuttgart Christian Träsch
0%
21J 2022 Frankfurt Faride Alidou
0%
20J 1998 Lautern Marco Reich
0%
20J 2002 Bayern Markus Feulner
0%
19J 2009 Stuttgart Sebastian Rudy
0%
22J 1998 Lautern Thomas Riedl
0%
Keine übereinstimmenden Quizze gefunden
Verteilung der Resultate
Anzahl Personen mit jedem Resultat
Perzentil nach korrekt beantworteten Fragen
Ihre Resultats-Entwicklung
Sie haben dieses Quiz seit der letzten Aktualisierung nicht gespielt